00303nam a22000977a 450000500170000000800410001702000110005804000080006924500680007726000600014520200813104427.0200813b ||||| |||| 00| 0 eng d a506895 cCML aSocial Stratification Class in America.cHodges, JR., Harold M. aMassachusettsbSchenkman Publishing Company, Inc.c1964